Electronic communications (Record no. 5480)

MARC details
000 -LEADER
fixed length control field 00368nam a2200145Ia 4500
008 - FIXED-LENGTH DATA ELEMENTS--GENERAL INFORMATION
fixed length control field 150201s2009 xx 000 0 und d
082 ## - DEWEY DECIMAL CLASSIFICATION NUMBER
Classification number 621.38
Item number ROD
100 ## - MAIN ENTRY--PERSONAL NAME
Personal name Roddy, Dennis
245 ## - TITLE STATEMENT
Title Electronic communications
250 ## - EDITION STATEMENT
Edition statement 4th . Ed.
260 ## - PUBLICATION, DISTRIBUTION, ETC. (IMPRINT)
Name of publisher, distributor, etc. PHI Learning Private Limited
Place of publication, distribution, etc. New Delhi
Date of publication, distribution, etc. 2009
300 ## - PHYSICAL DESCRIPTION
Extent 820p.
700 ## - ADDED ENTRY--PERSONAL NAME
Personal name Coolen,John
942 ## - ADDED ENTRY ELEMENTS (KOHA)
Source of classification or shelving scheme Dewey Decimal Classification
Koha item type Books
Holdings
Withdrawn status Lost status Source of classification or shelving scheme Damaged status Not for loan Home library Current library Date acquired SGTU Total Checkouts Full call number Barcode Date last seen Bill Date Koha item type
    Dewey Decimal Classification     SGT Engineering Library SGT Engineering Library 06/09/2012 SGTU   621.38 ROD FE5440 09/02/2015 09/02/2015 Books
    Dewey Decimal Classification     SGT Engineering Library SGT Engineering Library 06/09/2012 SGTU   621.38 ROD FE5441 09/02/2015 09/02/2015 Books